00438 2200169 4500001002100000005001500021008004100036035001900077041000700096082000800103090001400111100001600125245004600141260003100187300001800218650003200236INLIS00000000001179520241224114239241224||||||||| | ||| |||| || |  0010-1224011795 aid0 a179 a179 SET r0 aA. Setiawan00aRamah dan Sopan Lambang Kebahagiaan Hidup aBogorbSurba Indah Mandiri a80hlm;15x21cm 0aIlmu Filsafat dan Psikologi